TV Timeline Picture Click Quiz Stats

 Plays Quiz Updated Jun 3, 2016

Challenge
Share
Tweet
Score 0/15 Timer 05:00
6 Plays Today
% Correct
Orange is the New Black 2013
92.7%
Modern Family 2009
85.6%
The Dick Van Dyke Show
1961
85.1%
Malcolm in the Middle 2000
84.9%
Family Ties 1982
76.5%
The Dukes of Hazzard 1979
76.4%
The Big Bang Theory 2007
66.4%
3rd Rock from the Sun
1996
65.5%
% Correct
Leave it to Beaver 1957
65%
I Dream of Jeannie 1965
63.1%
Seinfeld 1989
61.9%
The Honeymooners 1955
60.6%
Laverne & Shirley
1976
57%
M*A*S*H 1972
53.1%
Friends 1994
47.7%

You're not logged in!

Compare scores with friends on all Sporcle quizzes.
Join for Free
OR
Log In

You Might Also Like...

Show Comments

Extras

Top Quizzes Today


Score Distribution

Your Account Isn't Verified!

In order to create a playlist on Sporcle, you need to verify the email address you used during registration. Go to your Sporcle Settings to finish the process.

Report this User

Report this user for behavior that violates our Community Guidelines.

Details: